[Event "MCR_CF16"]
[Site "?"]
[Date "2007.??.??"]
[Round "?"]
[White "Goc, Pavel"]
[Black "Houdek, Vladimir"]
[Result "1/2-1/2"]
[WhiteElo "2119"]
[BlackElo "2167"]
[PlyCount "48"]
[EventDate "2007.??.??"]
[EventType "corr"]
[EventRounds "2"]
[SourceDate "2007.06.22"]

1. e4 e5 2. Nf3 Nc6 3. Bc4 Bc5 4. b4 Bb6 5. a4 a6 6. Nc3 Nf6 7. Nd5 Nxd5 8.
exd5 Nd4 9. a5 Ba7 10. d6 Qf6 11. O-O Nxf3+ 12. Qxf3 Qxf3 13. gxf3 cxd6 14. Bd5
g5 15. Ba3 f6 16. b5 axb5 17. a6 Rb8 18. Bxd6 bxa6 19. d4 exd4 20. Rfe1+ Kd8
21. Be7+ Kc7 22. Bxf6 Rf8 23. Be5+ d6 24. Bg7 Rd8 1/2-1/2

[Event "MCR_CF16"]
[Site "?"]
[Date "2007.??.??"]
[Round "?"]
[White "Latal, Frantisek"]
[Black "Houdek, Vladimir"]
[Result "1/2-1/2"]
[WhiteElo "2129"]
[BlackElo "2167"]
[PlyCount "57"]
[EventDate "2007.??.??"]
[EventType "corr"]
[EventRounds "2"]
[SourceDate "2007.06.22"]

1. e4 e5 2. Nf3 Nc6 3. Bb5 a6 4. Ba4 Nf6 5. O-O Be7 6. d4 exd4 7. Re1 O-O 8. e5
Ne8 9. Bf4 f6 10. Bxc6 dxc6 11. Qxd4 Qxd4 12. Nxd4 Bc5 13. c3 fxe5 14. Bxe5 Bd7
15. Nd2 Nd6 16. Ne4 Nxe4 17. Rxe4 Bb6 18. Rae1 c5 19. Ne2 Rad8 20. Re3 Bb5 21.
b3 Rd2 22. c4 Bc6 23. a3 Ba5 24. h3 h6 25. Rf1 Rfd8 26. Nc3 Re8 27. Nb1 Rc2 28.
f3 Rb2 29. Rc1 1/2-1/2

[Event "MCR_CF16"]
[Site "?"]
[Date "2007.??.??"]
[Round "?"]
[White "Houdek, Vladimir"]
[Black "Latal, Frantisek"]
[Result "1/2-1/2"]
[WhiteElo "2167"]
[BlackElo "2129"]
[PlyCount "51"]
[EventDate "2007.??.??"]
[EventType "corr"]
[EventRounds "2"]
[SourceDate "2007.06.22"]

1. d4 d5 2. c4 e6 3. Nc3 c5 4. cxd5 cxd4 5. Qa4+ Bd7 6. Qxd4 exd5 7. Qxd5 Nc6
8. Bg5 Nf6 9. Qd2 Be7 10. Nf3 O-O 11. e4 h6 12. Be3 Bb4 13. Bd3 Re8 14. O-O
Nxe4 15. Bxe4 Rxe4 16. Rad1 Bxc3 17. Qxc3 Qe7 18. Nd2 Rg4 19. f3 Rg6 20. Ne4
Bh3 21. Ng3 Be6 22. b3 Re8 23. Bc5 Qc7 24. Rd2 Qe7 25. Qe3 b6 26. Ba3 1/2-1/2

[Event "MCR_CF16"]
[Site "?"]
[Date "2007.??.??"]
[Round "?"]
[White "Vanc, Vladimir"]
[Black "Markytan, Vladislav"]
[Result "0-1"]
[WhiteElo "1924"]
[BlackElo "2257"]
[PlyCount "96"]
[EventDate "2007.??.??"]
[EventType "corr"]
[EventRounds "2"]
[SourceDate "2007.06.22"]

1. f4 d5 2. Nf3 Nf6 3. e3 g6 4. b3 Bg7 5. Bb2 O-O 6. Bxf6 Bxf6 7. d4 c5 8. c3
Nc6 9. Qd2 Bg4 10. Be2 Rc8 11. O-O Bxf3 12. Bxf3 Qa5 13. Rd1 e6 14. Qf2 Bg7 15.
a3 cxd4 16. cxd4 Rc7 17. Ra2 Rfc8 18. b4 Qb6 19. Qd2 a5 20. Rb2 axb4 21. axb4
Nxd4 22. exd4 Rc4 23. Kf1 Rxd4 24. Rc1 Rc6 25. Qe1 Qb5+ 26. Re2 Rxb4 27. Rd1
Rxf4 28. Kg1 Qc5+ 29. Kh1 b5 30. Nd2 Qc3 31. Rf2 Rc7 32. Qf1 b4 33. Qb5 h6 34.
Rb1 Kh7 35. g3 Rd4 36. Nf1 f5 37. Bg2 e5 38. Ra2 e4 39. Ra6 Rf7 40. Rb6 Bf8 41.
Qe8 Qc7 42. Qe6 Rg7 43. h4 h5 44. Ra1 Qe7 45. Qc8 Rc4 46. Qa6 Rc3 47. Rb8 Rf7
48. Qb5 Rd3 0-1

[Event "MCR_CF16"]
[Site "?"]
[Date "2007.??.??"]
[Round "?"]
[White "Markytan, Vladislav"]
[Black "Vanc, Vladimir"]
[Result "1-0"]
[WhiteElo "2257"]
[BlackElo "1924"]
[PlyCount "67"]
[EventDate "2007.??.??"]
[EventType "corr"]
[EventRounds "2"]
[SourceDate "2007.06.22"]

1. d4 Nf6 2. c4 e6 3. Nc3 d5 4. cxd5 exd5 5. Bg5 Be7 6. e3 c6 7. Qc2 Nbd7 8.
Bd3 O-O 9. Nge2 Re8 10. O-O Nf8 11. f3 h6 12. Bh4 Bd6 13. Bf2 Bc7 14. Rae1 a6
15. Kh1 Ne6 16. Bh4 Rb8 17. e4 dxe4 18. Nxe4 g5 19. Bf2 Nd5 20. Bc4 b6 21. N4c3
Bb7 22. Ng3 Rc8 23. Nh5 Ng7 24. Rxe8+ Nxe8 25. Ne4 Ng7 26. Bxd5 Nxh5 27. Bc4 a5
28. Nc5 Qd6 29. f4 Rb8 30. Bg1 Nxf4 31. Bxf7+ Kg7 32. Ne6+ Kxf7 33. Qf5+ Ke7
34. Nxf4 1-0

[Event "MCR_CF16"]
[Site "?"]
[Date "2007.??.??"]
[Round "?"]
[White "Fejfar, Vlastimil"]
[Black "Markytan, Vladislav"]
[Result "1/2-1/2"]
[WhiteElo "2099"]
[BlackElo "2257"]
[PlyCount "79"]
[EventDate "2007.??.??"]
[EventType "corr"]
[EventRounds "2"]
[SourceDate "2007.06.22"]

1. e4 e6 2. d4 d5 3. Nc3 Nf6 4. Bg5 Be7 5. e5 Nfd7 6. Bxe7 Qxe7 7. f4 O-O 8.
Nf3 c5 9. Qd2 Nc6 10. dxc5 Nxc5 11. Bb5 a6 12. Bxc6 bxc6 13. O-O Nd7 14. Ne2 c5
15. Ng3 Nb6 16. c3 a5 17. Qc2 a4 18. Rf2 f6 19. exf6 gxf6 20. Re1 Qc7 21. Qe2
Nc4 22. b3 Na5 23. b4 Nc4 24. Nd2 Nd6 25. Qd3 c4 26. Qf3 Qf7 27. Rfe2 Rb8 28.
Qe3 Nb5 29. Nf3 Qa7 30. Qxa7 Nxa7 31. Nd4 Nb5 32. Nxb5 Rxb5 33. a3 Kf7 34. Re3
h5 35. Ne2 Rb6 36. Nd4 Rg8 37. Kf2 Rh8 38. Kf3 Rg8 39. g3 Rh8 40. Kg2 1/2-1/2

[Event "MCR_CF16"]
[Site "?"]
[Date "2007.??.??"]
[Round "?"]
[White "Markytan, Vladislav"]
[Black "Fejfar, Vlastimil"]
[Result "1-0"]
[WhiteElo "2257"]
[BlackElo "2099"]
[PlyCount "71"]
[EventDate "2007.??.??"]
[EventType "corr"]
[EventRounds "2"]
[SourceDate "2007.06.22"]

1. d4 Nf6 2. c4 e6 3. Nc3 Bb4 4. e3 O-O 5. Bd3 d5 6. Nf3 c5 7. O-O dxc4 8. Bxc4
Nbd7 9. Bd3 b6 10. a3 cxd4 11. exd4 Bxc3 12. bxc3 Qc7 13. Bb2 Bb7 14. Re1 Rac8
15. c4 Rfd8 16. Ne5 Nxe5 17. Rxe5 Qc6 18. Qf1 Ba6 19. Rc1 Qd6 20. f4 Ng4 21.
Ree1 Bb7 22. h3 Nh6 23. Qf2 Rd7 24. g4 f6 25. Re3 Re7 26. Rce1 Rce8 27. a4 f5
28. gxf5 Nxf5 29. Re5 g6 30. d5 Ng7 31. Qd4 Bc8 32. R1e3 Rd8 33. Bc2 Qc5 34.
Qc3 Qc7 35. f5 gxf5 36. Rg3 1-0

[Event "MCR_CF16"]
[Site "?"]
[Date "2007.??.??"]
[Round "?"]
[White "Indrak, Zdenek"]
[Black "Markytan, Vladislav"]
[Result "1/2-1/2"]
[WhiteElo "2103"]
[BlackElo "2257"]
[PlyCount "134"]
[EventDate "2007.??.??"]
[EventType "corr"]
[EventRounds "2"]
[SourceDate "2007.06.22"]

1. e4 e5 2. Nf3 Nc6 3. Bb5 a6 4. Ba4 Nf6 5. d3 d6 6. c3 Be7 7. Nbd2 Bg4 8. h3
Bd7 9. O-O Nb8 10. Bb3 O-O 11. Re1 c5 12. Nf1 Nc6 13. Ne3 Be6 14. Bd5 Qd7 15.
Nh2 Bd8 16. Qf3 Ne7 17. c4 Ba5 18. Rd1 Qc7 19. Nhf1 Bd7 20. g4 Nc6 21. Bxc6
bxc6 22. Ng3 Rab8 23. Nef5 Ne8 24. Qg2 f6 25. f4 Be6 26. Rf1 Kh8 27. Be3 Qd7
28. Rf2 Nc7 29. Raf1 Bg8 30. fxe5 fxe5 31. Nh6 Ne6 32. Rxf8 Rxf8 33. Rxf8 Nxf8
34. Nxg8 Kxg8 35. Nf5 Ne6 36. g5 Kf7 37. Qg3 g6 38. Nh6+ Ke8 39. Qf2 Qg7 40.
Ng4 Kd7 41. Qf6 Bd8 42. Qxg7+ Nxg7 43. a3 Ne6 44. h4 Nd4 45. Bxd4 exd4 46. Kf2
Ke6 47. Kf3 Ba5 48. Ke2 Bc7 49. b4 cxb4 50. axb4 Bd8 51. Nh2 a5 52. bxa5 Bxa5
53. Nf3 Bc3 54. Kf2 Ba1 55. Kg3 Bc3 56. Kg4 Bb2 57. h5 Bc3 58. hxg6 hxg6 59.
Kf4 c5 60. Kg3 Bb4 61. Kf2 Bc3 62. Ke2 Bb4 63. Kd1 Ba5 64. Kc2 Bc7 65. Kb3 Bd8
66. Ka4 Ke7 67. Kb5 Kd7 1/2-1/2

[Event "MCR_CF16"]
[Site "?"]
[Date "2007.??.??"]
[Round "?"]
[White "Markytan, Vladislav"]
[Black "Indrak, Zdenek"]
[Result "1/2-1/2"]
[WhiteElo "2257"]
[BlackElo "2103"]
[PlyCount "125"]
[EventDate "2007.??.??"]
[EventType "corr"]
[EventRounds "2"]
[SourceDate "2007.06.22"]

1. d4 Nf6 2. c4 g6 3. Nc3 Bg7 4. e4 d6 5. Nge2 O-O 6. Ng3 c5 7. d5 e6 8. Be2
exd5 9. exd5 Re8 10. O-O Nbd7 11. Bf4 Ne5 12. Qd2 Nfd7 13. Nb5 Nb6 14. b3 a6
15. Nc3 f5 16. Bg5 Qc7 17. Bh6 Bh8 18. Rfe1 Nf7 19. Bd3 Bd7 20. Be3 Qd8 21.
Rab1 Qh4 22. Nce2 a5 23. a4 Be5 24. Kh1 Nc8 25. f4 Bg7 26. Ng1 Qf6 27. Nf3 b6
28. Ne2 Na7 29. Bf2 Qd8 30. Kg1 Bf6 31. Bc2 Qc7 32. Ng5 Re7 33. Bh4 Nxg5 34.
fxg5 Be5 35. Rf1 Rae8 36. Bd3 Qd8 37. Rf3 Nc8 38. Bf2 Bg7 39. Rf1 Be5 40. Nf4
Rf7 41. h4 Qe7 42. Rh3 Rff8 43. Kh1 Qg7 44. Be3 Bxf4 45. Rxf4 Rf7 46. Qc1 Re5
47. Bd2 Qf8 48. Rf1 Qe8 49. Re3 Rxe3 50. Bxe3 Qe5 51. Rf4 Qg7 52. Rf3 f4 53.
Bxf4 Bg4 54. Rf2 Qd4 55. Qd2 Bd1 56. Bg3 Bg4 57. Kg1 Rxf2 58. Bxf2 Qe5 59. Kf1
Kf8 60. Be2 Bxe2+ 61. Qxe2 Qxe2+ 62. Kxe2 Ke7 63. Be1 1/2-1/2

[Event "MCR_CF16"]
[Site "?"]
[Date "2007.??.??"]
[Round "?"]
[White "Goc, Pavel"]
[Black "Markytan, Vladislav"]
[Result "0-1"]
[WhiteElo "2119"]
[BlackElo "2257"]
[PlyCount "76"]
[EventDate "2007.??.??"]
[EventType "corr"]
[EventRounds "2"]
[SourceDate "2007.06.22"]

1. e4 e6 2. d4 d5 3. Nc3 Nf6 4. Bg5 Be7 5. e5 Nfd7 6. Bxe7 Qxe7 7. f4 O-O 8.
Nf3 c5 9. Qd2 Nc6 10. dxc5 Nxc5 11. O-O-O a6 12. g4 b5 13. Bg2 b4 14. Ne2 Ne4
15. Qe3 Na5 16. Ng3 Nc4 17. Qd4 Nc5 18. Nd2 Na5 19. f5 Bb7 20. f6 Qc7 21. Kb1
Nd7 22. Nf3 Rfc8 23. Rd2 Nc6 24. Qf2 b3 25. axb3 a5 26. Qe3 Ncxe5 27. Nxe5 Nxe5
28. Qg5 Ng6 29. Nh5 a4 30. bxa4 Rxa4 31. fxg7 Qa5 32. c3 Ba6 33. Nf6+ Kxg7 34.
Nh5+ Kg8 35. Nf6+ Kh8 36. Qh6 Ra1+ 37. Kc2 Qa4+ 38. b3 Qa2# 0-1

[Event "MCR_CF16"]
[Site "?"]
[Date "2007.??.??"]
[Round "?"]
[White "Markytan, Vladislav"]
[Black "Goc, Pavel"]
[Result "1-0"]
[WhiteElo "2257"]
[BlackElo "2119"]
[PlyCount "59"]
[EventDate "2007.??.??"]
[EventType "corr"]
[EventRounds "2"]
[SourceDate "2007.06.22"]

1. d4 Nf6 2. c4 e6 3. Nc3 Bb4 4. e3 O-O 5. Bd3 d5 6. Nf3 c5 7. O-O dxc4 8. Bxc4
cxd4 9. exd4 b6 10. Bg5 Bb7 11. Qe2 Nbd7 12. Bd3 Qb8 13. Ne5 Rc8 14. Rac1 Bd6
15. f4 h6 16. Bh4 a6 17. Bc2 a5 18. Bd3 Bb4 19. Nxd7 Nxd7 20. f5 e5 21. f6 g6
22. Bg3 Bxc3 23. bxc3 Qd6 24. dxe5 Qc5+ 25. Kh1 Re8 26. Rce1 Bd5 27. Qd2 Kh7
28. Rf5 Qf8 29. Rh5 Rad8 30. Bf4 1-0

[Event "MCR_CF16"]
[Site "?"]
[Date "2007.??.??"]
[Round "?"]
[White "Markytan, Vladislav"]
[Black "Latal, Frantisek"]
[Result "1-0"]
[WhiteElo "2257"]
[BlackElo "2129"]
[PlyCount "69"]
[EventDate "2007.??.??"]
[EventType "corr"]
[EventRounds "2"]
[SourceDate "2007.06.22"]

1. d4 d5 2. c4 e6 3. Nc3 c5 4. e3 Nf6 5. Nf3 Nc6 6. cxd5 exd5 7. Be2 cxd4 8.
exd4 Be7 9. O-O O-O 10. Bf4 Bf5 11. Re1 Re8 12. Rc1 Ne4 13. Bb5 Bf8 14. Qb3 a6
15. Bf1 Bb4 16. a3 Bxc3 17. bxc3 Na5 18. Qb4 b5 19. a4 Nc6 20. Qb2 bxa4 21. Re3
Ne7 22. h3 Qa5 23. g4 Be6 24. c4 Qd8 25. Rce1 Ng6 26. Bh2 Nd6 27. c5 a3 28.
Qxa3 Nc4 29. Bxc4 dxc4 30. c6 Qd5 31. c7 Ne7 32. Ne5 Qxd4 33. Nxf7 Bxf7 34.
Rxe7 Rf8 35. Bd6 1-0

[Event "MCR_CF16"]
[Site "?"]
[Date "2007.??.??"]
[Round "?"]
[White "Latal, Frantisek"]
[Black "Markytan, Vladislav"]
[Result "0-1"]
[WhiteElo "2129"]
[BlackElo "2257"]
[PlyCount "70"]
[EventDate "2007.??.??"]
[EventType "corr"]
[EventRounds "2"]
[SourceDate "2007.06.22"]

1. d4 Nf6 2. c4 e6 3. Nc3 Bb4 4. Qc2 O-O 5. a3 Bxc3+ 6. Qxc3 Ne4 7. Qc2 d5 8.
Bf4 Re8 9. cxd5 exd5 10. Nf3 c5 11. dxc5 Bf5 12. Qc1 Nc6 13. b4 Qf6 14. h4 h6
15. e3 a5 16. b5 Nxc5 17. Ra2 Nb3 18. Qb2 Ncd4 19. Be2 Nc2+ 20. Kd1 d4 21. Qxb3
dxe3 22. Bxe3 Rac8 23. Bd2 a4 24. Qb2 Qe6 25. Ne5 Red8 26. Nf3 Qd5 27. Rh3 Be4
28. Rg3 g6 29. h5 Bxf3 30. Qxc2 Rxc2 31. Rxc2 Be4 32. Rgc3 Bxc2+ 33. Rxc2 Qxg2
34. Rc3 Qg1+ 35. Kc2 Qxf2 0-1

[Event "MCR_CF16"]
[Site "?"]
[Date "2007.??.??"]
[Round "?"]
[White "Houdek, Vladimir"]
[Black "Markytan, Vladislav"]
[Result "1/2-1/2"]
[WhiteElo "2167"]
[BlackElo "2257"]
[PlyCount "63"]
[EventDate "2007.??.??"]
[EventType "corr"]
[EventRounds "2"]
[SourceDate "2007.06.22"]

1. d4 Nf6 2. c4 e6 3. Nf3 d5 4. Nc3 c6 5. e3 Nbd7 6. Bd3 Bd6 7. O-O O-O 8. e4
dxc4 9. Bxc4 e5 10. Bg5 h6 11. Bh4 Qe7 12. Bg3 Bb8 13. Rc1 Rd8 14. d5 Nb6 15.
Bb3 Bg4 16. Re1 a5 17. a3 Ba7 18. h3 Bh5 19. Ba2 Nbd7 20. Qd3 Nc5 21. Qe2 Nh7
22. h4 a4 23. Rcd1 Bb8 24. Rd2 Nf6 25. Red1 Rd7 26. Qc4 Bc7 27. Bh2 Bg4 28. Rc1
Ra5 29. Rcd1 Bh5 30. Bg3 Kh8 31. Qe2 Ra8 32. Qc4 1/2-1/2

[Event "MCR_CF16"]
[Site "?"]
[Date "2007.??.??"]
[Round "?"]
[White "Markytan, Vladislav"]
[Black "Houdek, Vladimir"]
[Result "1/2-1/2"]
[WhiteElo "2257"]
[BlackElo "2167"]
[PlyCount "64"]
[EventDate "2007.??.??"]
[EventType "corr"]
[EventRounds "2"]
[SourceDate "2007.06.22"]

1. d4 d5 2. c4 dxc4 3. e4 Nc6 4. Nf3 Bg4 5. d5 Ne5 6. Bf4 Ng6 7. Be3 Nf6 8. Nc3
e5 9. Bxc4 a6 10. O-O Bd6 11. Be2 O-O 12. Nd2 Bd7 13. Rc1 b5 14. a3 c5 15. dxc6
Bxc6 16. b4 Qe7 17. Bd3 Rac8 18. Nb3 Rfd8 19. Bb6 Bc7 20. Bxc7 Rxc7 21. Qf3 Nf4
22. Rfd1 Rcd7 23. Bc2 h6 24. Nc5 Rxd1+ 25. Rxd1 a5 26. g3 axb4 27. Rxd8+ Qxd8
28. axb4 Ne6 29. Nxe6 fxe6 30. Bd3 Qd4 31. Bxb5 Bb7 32. Qe3 Nxe4 1/2-1/2